[Event "HUN-chT2 Szechenyi 1718"]
[Site "Hungary"]
[Date "2018.03.04"]
[Round "7.6"]
[White "Vajda, Attila"]
[Black "Solymosi, Istvan"]
[Result "0-1"]
[WhiteElo "1956"]
[BlackElo "2117"]
[PlyCount "72"]
[EventDate "2017.10.29"]
[EventType "team-tourn"]
[EventRounds "9"]
[EventCountry "HUN"]
[SourceTitle "EXT 2021"]
[Source "ChessBase"]
[SourceDate "2020.10.23"]
[SourceVersion "1"]
[SourceVersionDate "2020.10.23"]
[SourceQuality "1"]
[WhiteTeam "Tapolca VSE II"]
[BlackTeam "Gyor Elektromos"]
[WhiteTeamCountry "HUN"]
[BlackTeamCountry "HUN"]

1. d4 Nf6 2. Nf3 g6 3. g3 Bg7 4. Bg2 c5 5. 0-0 0-0 6. c4 d6 7. Nc3 a6 8. d5 b5 9. cxb5 axb5 10. Nxb5 Ba6 11. Nc3 Nbd7 12. h3 Qa5 13. Bg5 Rfb8 14. Rb1 h6 15. Bf4 Nb6 16. Qc1 Kh7 17. Nd2 c4 18. e4 Nfd7 19. Nf3 Na4 20. Bd2 Nxc3 21. Bxc3 Qxa2 22. Bxg7 Kxg7 23. Qc3+ Kh7 24. Nd4 Nc5 25. Qf3 Kg7 26. Qc3 Kh7 27. Qf3 Kg8 28. Nc6 Rb3 29. Nxe7+ Kg7 30. Ra1 Qxb2 31. Rfb1 Qxb1+ 32. Rxb1 Rxf3 33. Bxf3 Re8 34. Nc6 Nxe4 35. Rb6 Nc5 36. Nb8 c3 0-1

[Event "HUN-chT2 Szechenyi 1718"]
[Site "Hungary"]
[Date "2017.12.03"]
[Round "3.6"]
[White "Szelenyi, Norbert"]
[Black "Vajda, Attila"]
[Result "1/2-1/2"]
[WhiteElo "2306"]
[BlackElo "1956"]
[PlyCount "48"]
[EventDate "2017.10.29"]
[EventType "team-tourn"]
[EventRounds "9"]
[EventCountry "HUN"]
[SourceTitle "EXT 2021"]
[Source "ChessBase"]
[SourceDate "2020.10.23"]
[SourceVersion "1"]
[SourceVersionDate "2020.10.23"]
[SourceQuality "1"]
[WhiteTeam "Ajka Banyasz"]
[BlackTeam "Tapolca VSE II"]
[WhiteTeamCountry "HUN"]
[BlackTeamCountry "HUN"]

1. c4 Nf6 2. Nc3 c5 3. g3 g6 4. Bg2 Bg7 5. Nf3 0-0 6. 0-0 Nc6 7. d4 cxd4 8. Nxd4 Qb6 9. Nc2 d6 10. Rb1 Bf5 11. h3 Be6 12. b3 Nh5 13. Qd2 Nxg3 14. Re1 Nf5 15. Bb2 Nh4 16. Bf1 Ne5 17. Qe3 Qd8 18. Qe4 Bf6 19. Nd4 Qd7 20. Nxe6 fxe6 21. Red1 Qc6 22. Qxc6 Nxc6 23. Ne4 Bxb2 24. Rxb2 h6 1/2-1/2

[Event "HUN-chT2 Szechenyi 1516"]
[Site "Hungary"]
[Date "2016.02.28"]
[Round "8.5"]
[White "Vajda, Attila"]
[Black "Vinkovics, Sandor"]
[Result "1-0"]
[WhiteElo "1983"]
[BlackElo "2042"]
[PlyCount "37"]
[EventDate "2015.09.13"]
[EventType "team-tourn"]
[EventRounds "11"]
[EventCountry "HUN"]
[SourceTitle "EXT 2017"]
[Source "ChessBase"]
[SourceDate "2016.10.25"]
[SourceVersion "1"]
[SourceVersionDate "2016.10.25"]
[SourceQuality "1"]
[WhiteTeam "Tapolca Kolcsey"]
[BlackTeam "Lovo"]
[WhiteTeamCountry "HUN"]
[BlackTeamCountry "HUN"]

1. d4 Nf6 2. Nf3 d6 3. c4 g6 4. g3 Bg7 5. Bg2 0-0 6. 0-0 Na6 7. Nc3 c5 8. e3 Be6 9. Qe2 Qc8 10. d5 Bd7 11. e4 Ng4 12. Bf4 h6 13. h3 Nf6 14. Kh2 Nh5 15. Bd2 g5 16. Nxg5 hxg5 17. Qxh5 g4 18. Bh6 gxh3 19. Qg5 1-0

[Event "HUN-chT2 Szechenyi 1516"]
[Site "Hungary"]
[Date "2015.09.13"]
[Round "1.6"]
[White "Szokolszky, Miklos"]
[Black "Vajda, Attila"]
[Result "1/2-1/2"]
[WhiteElo "1900"]
[BlackElo "1983"]
[PlyCount "43"]
[EventDate "2015.09.13"]
[EventType "team-tourn"]
[EventRounds "11"]
[EventCountry "HUN"]
[SourceTitle "CBM 170 Extra"]
[Source "ChessBase"]
[SourceDate "2016.02.25"]
[SourceVersion "1"]
[SourceVersionDate "2016.02.25"]
[SourceQuality "1"]
[WhiteTeam "Sarvar"]
[BlackTeam "Tapolca Kolcsey"]
[WhiteTeamCountry "HUN"]
[BlackTeamCountry "HUN"]

1. e4 g6 2. d4 d6 3. Nc3 Bg7 4. Be3 Nf6 5. Qd2 Nc6 6. f3 a6 7. Nge2 h5 8. h4 b5 9. a3 Rb8 10. b4 Nd7 11. Ng3 Nb6 12. Be2 Bf6 13. Rd1 e5 14. d5 Bxh4 15. dxc6 Bxg3+ 16. Bf2 Bf4 17. Be3 Qg5 18. Bxf4 Qxg2 19. Rf1 exf4 20. Qxf4 Be6 21. Rf2 Qg1+ 22. Rf1 1/2-1/2

[Event "HUN-chT2 Szechenyi 1415"]
[Site "Hungary"]
[Date "2015.02.08"]
[Round "8.6"]
[White "Vajda, Attila"]
[Black "Gabor, Attila"]
[Result "1-0"]
[WhiteElo "1987"]
[BlackElo "1855"]
[PlyCount "99"]
[EventDate "2014.09.07"]
[EventType "team-tourn"]
[EventRounds "11"]
[EventCountry "HUN"]
[SourceTitle "EXT 2016"]
[Source "ChessBase"]
[SourceDate "2015.10.08"]
[SourceVersion "1"]
[SourceVersionDate "2015.10.08"]
[SourceQuality "1"]
[WhiteTeam "Tapolca"]
[BlackTeam "Arboretum"]
[WhiteTeamCountry "HUN"]
[BlackTeamCountry "HUN"]

1. d4 d5 2. Nf3 Nf6 3. g3 g6 4. Bg2 Bg7 5. 0-0 0-0 6. Nbd2 c6 7. c4 Nbd7 8. Re1 Re8 9. b3 Ne4 10. Bb2 e6 11. Qc2 f5 12. Rad1 Ndf6 13. Ne5 Nxd2 14. Qxd2 Ne4 15. Qc2 Qc7 16. e3 Bd7 17. f3 Nf6 18. Nd3 Rad8 19. Nf2 Bc8 20. c5 Qf7 21. Bc3 Rd7 22. Nd3 Rde7 23. b4 Nd7 24. Ne5 Nxe5 25. dxe5 g5 26. Bd4 a6 27. a4 Bd7 28. Rf1 Qg6 29. Rf2 h5 30. g4 Rf8 31. b5 axb5 32. axb5 Ref7 33. b6 Kh7 34. gxh5 Qxh5 35. Rdf1 Kg8 36. f4 Bh6 37. Bf3 g4 38. Rg2 Rg7 39. Be2 Kf7 40. Qa4 Rh7 41. Rff2 Bg7 42. Rg3 Qh4 43. Rfg2 Rfh8 44. Qa7 Bc8 45. Qb8 Qd8 46. Bd3 Bf8 47. Qa7 Be7 48. Ra2 Qg8 49. Qb8 Kg6 50. Rxg4+ 1-0

[Event "HUN-chT2 Szechenyi 1112"]
[Site "Hungary"]
[Date "2011.11.13"]
[Round "3.9"]
[White "Vajda, Attila"]
[Black "Domotor, Jozsef"]
[Result "1/2-1/2"]
[WhiteElo "2019"]
[BlackElo "1974"]
[PlyCount "28"]
[EventDate "2011.09.25"]
[EventType "team-tourn"]
[EventRounds "11"]
[EventCountry "HUN"]
[SourceTitle "EXT 2013"]
[Source "ChessBase"]
[SourceDate "2012.11.22"]
[SourceVersion "1"]
[SourceVersionDate "2012.11.22"]
[SourceQuality "1"]
[WhiteTeam "Tapolca"]
[BlackTeam "Zala Volan"]
[WhiteTeamCountry "HUN"]
[BlackTeamCountry "HUN"]

1. d4 Nf6 2. Nf3 d6 3. g3 g6 4. Bg2 Bg7 5. c4 0-0 6. 0-0 c6 7. Nc3 Qa5 8. Qb3 Nbd7 9. Bd2 Qc7 10. Rac1 Re8 11. Qc2 e5 12. d5 Nc5 13. Be3 cxd5 14. cxd5 Bd7 1/2-1/2

[Event "HUN-chT2 Szechenyi 1011"]
[Site "Hungary"]
[Date "2011.05.15"]
[Round "11.4"]
[White "Smideliusz, Mark"]
[Black "Vajda, Attila"]
[Result "1/2-1/2"]
[WhiteElo "2022"]
[BlackElo "1992"]
[PlyCount "129"]
[EventDate "2010.09.12"]
[EventType "team-tourn"]
[EventRounds "11"]
[EventCountry "HUN"]
[SourceTitle "EXT 2012"]
[Source "ChessBase"]
[SourceDate "2011.11.24"]
[SourceVersion "1"]
[SourceVersionDate "2011.11.24"]
[SourceQuality "1"]
[WhiteTeam "Sarvar"]
[BlackTeam "Tapolca"]
[WhiteTeamCountry "HUN"]
[BlackTeamCountry "HUN"]

1. e4 c5 2. Nf3 Nc6 3. d4 cxd4 4. Nxd4 e5 5. Nb5 d6 6. N1c3 a6 7. Na3 Nf6 8. Bg5 b5 9. Nd5 Be7 10. Bxf6 Bxf6 11. c3 0-0 12. Nc2 Bg5 13. a4 bxa4 14. Rxa4 a5 15. Bc4 Rb8 16. b3 Ne7 17. h4 Bh6 18. Nxe7+ Qxe7 19. g3 Bb7 20. Qd3 Qc7 21. 0-0 Rfc8 22. Na3 Bc6 23. Bb5 Qb7 24. Bxc6 Qxc6 25. c4 f5 26. Re1 fxe4 27. Rxe4 Kh8 28. Nb5 Rd8 29. Re1 d5 30. Rd1 Qb6 31. Qe2 dxc4 32. Rxd8+ Rxd8 33. bxc4 Rd2 34. Qf3 Rxf2 35. Qxf2 Be3 36. Ra2 Bxf2+ 37. Rxf2 g6 38. Kf1 Qc5 39. Rc2 a4 40. Ke2 a3 41. Kd3 Qb4 42. Nc3 Qb3 43. Re2 Qb8 44. Ra2 Qd6+ 45. Kc2 Qb4 46. Kd3 e4+ 47. Kd4 Qd6+ 48. Kxe4 Qxg3 49. Rxa3 Qxh4+ 50. Kd5 Qd8+ 51. Kc6 Qe8+ 52. Kb6 Qe6+ 53. Kb5 Qd7+ 54. Kb4 Qe7+ 55. c5 Qb7+ 56. Nb5 g5 57. Ra7 Qc6 58. Nd4 Qd5 59. Nb5 g4 60. Ra3 h5 61. Rc3 Qc6 62. Nd4 Qb7+ 63. Kc4 Qf7+ 64. Kb4 Qb7+ 65. Kc4 1/2-1/2

[Event "HUN-chT2 Szechenyi 0910"]
[Site "Hungary"]
[Date "2009.12.06"]
[Round "3.5"]
[White "Toth, Jozsef"]
[Black "Vajda, Attila"]
[Result "1-0"]
[WhiteElo "2180"]
[BlackElo "1980"]
[PlyCount "77"]
[EventDate "2009.11.08"]
[EventType "team-tourn"]
[EventRounds "11"]
[EventCountry "HUN"]
[SourceTitle "EXT 2011"]
[Source "ChessBase"]
[SourceDate "2010.11.26"]
[SourceVersion "1"]
[SourceVersionDate "2010.11.26"]
[SourceQuality "1"]
[WhiteTeam "Gyor Elektromos"]
[BlackTeam "Tapolca Szeremley"]
[WhiteTeamCountry "HUN"]
[BlackTeamCountry "HUN"]

1. d4 Nf6 2. Nf3 d5 3. Bg5 e6 4. e3 Nbd7 5. Bd3 Be7 6. 0-0 0-0 7. c4 c6 8. Nc3 h6 9. Bh4 dxc4 10. Bxc4 c5 11. Qc2 cxd4 12. Nxd4 Ne5 13. Be2 Bd7 14. Qb3 Qb6 15. Qxb6 axb6 16. Rfd1 Rfc8 17. Nf3 Nxf3+ 18. Bxf3 Bc6 19. Bxc6 bxc6 20. Rd3 Rd8 21. Rad1 Kf8 22. Kf1 Nd5 23. Bxe7+ Kxe7 24. Nxd5+ Rxd5 25. a3 Rad8 26. Ke2 Rxd3 27. Rxd3 Rxd3 28. Kxd3 Kd6 29. a4 c5 30. Kc4 Kc6 31. e4 f6 32. f4 f5 33. exf5 exf5 34. h4 h5 35. g3 g6 36. b3 Kb7 37. Kb5 Kc7 38. a5 bxa5 39. Kxc5 1-0

[Event "HUN-chT2 Szechenyi 0910"]
[Site "Hungary"]
[Date "2009.05.02"]
[Round "11.5"]
[White "Vajda, Attila"]
[Black "Horvath, Reka"]
[Result "1-0"]
[WhiteElo "1980"]
[BlackElo "1978"]
[PlyCount "65"]
[EventDate "2009.11.08"]
[EventType "team-tourn"]
[EventRounds "11"]
[EventCountry "HUN"]
[SourceTitle "EXT 2011"]
[Source "ChessBase"]
[SourceDate "2010.11.26"]
[SourceVersion "1"]
[SourceVersionDate "2010.11.26"]
[SourceQuality "1"]
[WhiteTeam "Tapolca Szeremley"]
[BlackTeam "HVSE Infraplan"]
[WhiteTeamCountry "HUN"]
[BlackTeamCountry "HUN"]

1. d4 e6 2. Nf3 f5 3. c4 b6 4. g3 Bb7 5. Bg2 Bb4+ 6. Bd2 Bxd2+ 7. Qxd2 Nf6 8. Nc3 0-0 9. 0-0 Ne4 10. Nxe4 Bxe4 11. Rac1 d6 12. Rfd1 Qe7 13. Qg5 Rf6 14. Qe3 Nd7 15. Ng5 Bxg2 16. Kxg2 e5 17. dxe5 dxe5 18. Qd3 Rd8 19. Qd5+ Kh8 20. Nf3 Rd6 21. Qb5 c6 22. Qa4 Nc5 23. Qc2 e4 24. Nh4 Qf7 25. Rxd6 Rxd6 26. Qc3 Rf6 27. Rd1 g5 28. Nxf5 Ne6 29. Nd6 Qg6 30. Ne8 Kg8 31. Nxf6+ Kf7 32. Rd7+ Kf8 33. Qe5 1-0

[Event "HUN-chT2 Szechenyi 0607"]
[Site "Hungary"]
[Date "2007.03.25"]
[Round "7"]
[White "Veber, Richard"]
[Black "Vajda, Attila"]
[Result "1/2-1/2"]
[WhiteElo "1989"]
[BlackElo "1970"]
[PlyCount "20"]
[EventDate "2006.11.12"]
[EventType "team"]
[EventRounds "11"]
[EventCountry "HUN"]
[SourceTitle "EXT 2008"]
[Source "ChessBase"]
[SourceDate "2007.11.25"]
[SourceVersion "1"]
[SourceVersionDate "2007.11.25"]
[SourceQuality "1"]
[WhiteTeam "Ajka Banyasz"]
[BlackTeam "Tapolca Varju"]
[WhiteTeamCountry "HUN"]
[BlackTeamCountry "HUN"]

1. e4 c5 2. Nc3 Nc6 3. g3 g6 4. Bg2 Bg7 5. d3 e5 6. Be3 d6 7. Qd2 Nf6 8. Bh6 0-0 9. Bxg7 Kxg7 10. Nge2 Be6 1/2-1/2

[Event "HUN-chT2 Szechenyi 0607"]
[Site "Hungary"]
[Date "2007.03.04"]
[Round "6"]
[White "Vajda, Attila"]
[Black "Szakaly, Laszlo"]
[Result "0-1"]
[WhiteElo "1970"]
[BlackElo "2000"]
[PlyCount "49"]
[EventDate "2006.11.12"]
[EventType "team"]
[EventRounds "11"]
[EventCountry "HUN"]
[SourceTitle "EXT 2008"]
[Source "ChessBase"]
[SourceDate "2007.11.25"]
[SourceVersion "1"]
[SourceVersionDate "2007.11.25"]
[SourceQuality "1"]
[WhiteTeam "Tapolca Varju"]
[BlackTeam "Kertvaros"]
[WhiteTeamCountry "HUN"]
[BlackTeamCountry "HUN"]

1. d4 Nf6 2. c4 g6 3. Nf3 Bg7 4. g3 d6 5. Bg2 0-0 6. 0-0 Nbd7 7. Qc2 e5 8. Rd1 Qe7 9. Nc3 c6 10. e4 exd4 11. Nxd4 a5 12. b3 Nc5 13. Bf4 Ne8 14. Rac1 Bxd4 15. Rxd4 Ne6 16. Rd2 Nxf4 17. gxf4 Qh4 18. Ne2 f5 19. c5 fxe4 20. cxd6 Nf6 21. Bxe4 Bh3 22. Qc4+ Rf7 23. f3 Re8 24. Rd4 Kg7 25. Kh1 0-1

[Event "HUN-chT2 Szechenyi 0607"]
[Site "Hungary"]
[Date "2006.12.03"]
[Round "3"]
[White "Vajda, Attila"]
[Black "Lang, Gusztav"]
[Result "0-1"]
[WhiteElo "1970"]
[BlackElo "2050"]
[PlyCount "34"]
[EventDate "2006.11.12"]
[EventType "team"]
[EventRounds "11"]
[EventCountry "HUN"]
[SourceTitle "EXT 2008"]
[Source "ChessBase"]
[SourceDate "2007.11.25"]
[SourceVersion "1"]
[SourceVersionDate "2007.11.25"]
[SourceQuality "1"]
[WhiteTeam "Tapolca Varju"]
[BlackTeam "Sarvar"]
[WhiteTeamCountry "HUN"]
[BlackTeamCountry "HUN"]

1. d4 Nf6 2. Nf3 e6 3. c4 b6 4. Nc3 Bb7 5. g3 Bb4 6. a3 Bxc3+ 7. bxc3 0-0 8. Bg2 d6 9. 0-0 Nc6 10. d5 Na5 11. dxe6 fxe6 12. Bh3 Qe7 13. Nd4 e5 14. Nf5 Qf7 15. c5 Qh5 16. Ne7+ Kf7 17. c6 Ba6 0-1

[Event "HUN-chT2 Szechenyi 0506"]
[Site "Hungary"]
[Date "2006.04.23"]
[Round "11"]
[White "Vajda, Attila"]
[Black "Imre, Jozsef"]
[Result "1/2-1/2"]
[WhiteElo "1942"]
[BlackElo "2109"]
[PlyCount "51"]
[EventDate "2005.10.16"]
[EventType "team"]
[EventRounds "11"]
[EventCountry "HUN"]
[SourceTitle "EXT 2009"]
[Source "ChessBase"]
[SourceDate "2008.11.26"]
[SourceVersion "1"]
[SourceVersionDate "2008.11.26"]
[SourceQuality "1"]
[WhiteTeam "Tapolca Varju"]
[BlackTeam "Sarvar"]
[WhiteTeamCountry "HUN"]
[BlackTeamCountry "HUN"]

1. d4 d5 2. c4 c6 3. Nc3 e5 4. cxd5 cxd5 5. Qb3 exd4 6. Nxd5 Be6 7. Qa4+ Nc6 8. Nf4 Bb4+ 9. Bd2 Bxd2+ 10. Kxd2 Bd7 11. Nf3 Qb6 12. Qb3 Qa5+ 13. Kd1 Nge7 14. Qd3 0-0 15. h4 Rac8 16. Qd2 Qb6 17. Nh5 Bg4 18. Nxg7 Kxg7 19. Qg5+ Ng6 20. Qxg4 Qxb2 21. Rc1 Nce5 22. Qg5 Nxf3 23. gxf3 Rc3 24. Qd2 Rxc1+ 25. Qxc1 Qxa2 26. h5 1/2-1/2

[Event "HUN-chT2 Szechenyi 0506"]
[Site "Hungary"]
[Date "2006.04.09"]
[Round "10"]
[White "Vajda, Attila"]
[Black "Ruszin, Anna"]
[Result "0-1"]
[WhiteElo "1942"]
[BlackElo "1973"]
[PlyCount "68"]
[EventDate "2005.10.16"]
[EventType "team"]
[EventRounds "11"]
[EventCountry "HUN"]
[SourceTitle "EXT 2009"]
[Source "ChessBase"]
[SourceDate "2008.11.26"]
[SourceVersion "1"]
[SourceVersionDate "2008.11.26"]
[SourceQuality "1"]
[WhiteTeam "Tapolca Varju"]
[BlackTeam "Zala Volan"]
[WhiteTeamCountry "HUN"]
[BlackTeamCountry "HUN"]

1. d4 d5 2. Nf3 Nf6 3. c4 c6 4. e3 e6 5. Nc3 Nbd7 6. Bd3 Bd6 7. 0-0 0-0 8. Qc2 dxc4 9. Bxc4 a6 10. e4 e5 11. dxe5 Nxe5 12. Nxe5 Bxe5 13. Rd1 Qc7 14. h3 b5 15. Be2 Bb7 16. Be3 Rfd8 17. Rac1 Rac8 18. Bf3 Qe7 19. a3 c5 20. Nd5 Nxd5 21. exd5 c4 22. Bb6 Re8 23. d6 Qd7 24. Bxb7 Rb8 25. Bc6 Qxc6 26. d7 Qxb6 27. dxe8Q+ Rxe8 28. Rd7 g6 29. Rcd1 Qf6 30. R1d2 Kg7 31. Re2 Rc8 32. Rd5 Bb8 33. Qe4 c3 34. b3 c2 0-1

[Event "HUN-chT2 Szechenyi 0506"]
[Site "Hungary"]
[Date "2006.02.26"]
[Round "8"]
[White "Kovacs, Andras"]
[Black "Vajda, Attila"]
[Result "0-1"]
[WhiteElo "2040"]
[BlackElo "1942"]
[PlyCount "60"]
[EventDate "2005.10.16"]
[EventType "team"]
[EventRounds "11"]
[EventCountry "HUN"]
[SourceTitle "EXT 2009"]
[Source "ChessBase"]
[SourceDate "2008.11.26"]
[SourceVersion "1"]
[SourceVersionDate "2008.11.26"]
[SourceQuality "1"]
[WhiteTeam "HEMO"]
[BlackTeam "Tapolca Varju"]
[WhiteTeamCountry "HUN"]
[BlackTeamCountry "HUN"]

1. d4 d5 2. Nf3 Nf6 3. e3 c6 4. b3 e6 5. Bb2 Nbd7 6. Bd3 Bd6 7. 0-0 0-0 8. c4 Re8 9. Ne5 Ne4 10. f3 Nec5 11. Bc2 Nxe5 12. dxe5 Bc7 13. Nd2 b5 14. cxb5 cxb5 15. Kh1 Ba6 16. b4 Nd7 17. f4 g6 18. e4 Bb7 19. exd5 Bxd5 20. Be4 Nb6 21. Bd4 Nc4 22. Bf3 Bb6 23. Bxb6 Qxb6 24. Nxc4 bxc4 25. Bxd5 Rad8 26. f5 exd5 27. fxg6 fxg6 28. Rf6 Qe3 29. Qg4 Qxe5 30. Raf1 Qxf6 0-1

[Event "HUN-chT2 Szechenyi 0506"]
[Site "Hungary"]
[Date "2005.10.16"]
[Round "1"]
[White "Vajda, Attila"]
[Black "Kovacs, Dezso"]
[Result "1-0"]
[WhiteElo "1942"]
[BlackElo "2012"]
[PlyCount "99"]
[EventDate "2005.10.16"]
[EventType "team"]
[EventRounds "11"]
[EventCountry "HUN"]
[SourceTitle "EXT 2009"]
[Source "ChessBase"]
[SourceDate "2008.11.26"]
[SourceVersion "1"]
[SourceVersionDate "2008.11.26"]
[SourceQuality "1"]
[WhiteTeam "Tapolca Varju"]
[BlackTeam "Lovo"]
[WhiteTeamCountry "HUN"]
[BlackTeamCountry "HUN"]

1. Nf3 d5 2. d4 Nf6 3. c4 e6 4. Nc3 Be7 5. e3 0-0 6. Bd3 a6 7. cxd5 exd5 8. h3 c6 9. 0-0 Be6 10. Qc2 Nbd7 11. Ng5 h6 12. Nxe6 fxe6 13. e4 Rc8 14. e5 Ne8 15. Qe2 c5 16. Qg4 Rc6 17. Qg6 Bg5 18. Qh7+ Kf7 19. Bg6+ Ke7 20. Bxg5+ hxg5 21. Qh5 cxd4 22. Qxg5+ Nef6 23. exf6+ Rxf6 24. Ne2 Qb6 25. Nf4 Kd6 26. Nh5 Rf8 27. Nxg7 Kc7 28. Rac1 Kb8 29. Rxc6 Qxc6 30. Be8 Qd6 31. Bxd7 Qxd7 32. Qe5+ Ka8 33. Nxe6 Rc8 34. Nxd4 Rc4 35. b3 Rc5 36. Rd1 Rc8 37. Qe6 Qd8 38. f4 Rc7 39. Re1 Qh4 40. Qe5 Rc8 41. Ne6 Rc2 42. Re2 Rc1+ 43. Kh2 d4 44. Nc7+ Ka7 45. Qxd4+ Kb8 46. Nxa6+ bxa6 47. Qb6+ Kc8 48. Re8+ Kd7 49. Qe6+ Kc7 50. Qc8+ 1-0